A gyógy- és wellnessturizmus fejlesztési lehetőségei a ráckevei Aqua Land Termál- és Élményfürdőben látogatói visszajelzések tükrében
| Szerző: | |
|---|---|
| További közreműködők: | |
| Dokumentumtípus: | Projektmunka |
| Kulcsszavak: | egészségturisztika gyógyturizmus gyógyvíz termálvíz wellness |
| Online Access: | http://dolgozattar.uni-bge.hu/60021 |
MARC
| LEADER | 00000nnm a2200000 i 4500 | ||
|---|---|---|---|
| 001 | dolg60021 | ||
| 005 | 20260409145901.0 | ||
| 008 | 260409suuuu hu o 000 hun d | ||
| 040 | |a BGE Dolgozattár Repozitórium |b hun | ||
| 041 | |a hu | ||
| 100 | 1 | |a Pozsár Lili | |
| 245 | 1 | 2 | |a A gyógy- és wellnessturizmus fejlesztési lehetőségei a ráckevei Aqua Land Termál- és Élményfürdőben látogatói visszajelzések tükrében |c Pozsár Lili |h [elektronikus dokumentum] |
| 516 | |a Project_work | ||
| 520 | 3 | |a Dolgozatomban a gyógy- és wellnessturizmus témakörét dolgoztam fel, különös tekintettel a termálfürdőkre, amelyek jelentőségét röviden bemutattam. Kutatásom során a ráckevei Aqua Land Termál- és Élményfürdő vendégeinek látogatási szokásait, motivációit és elégedettségét vizsgáltam kérdőíves felmérés segítségével. A kérdőívben többek között arra kerestem választ, hogy a látogatók milyen gyakorisággal és milyen céllal keresik fel a fürdőt, valamint milyen szolgáltatásokat vesznek igénybe. Az eredmények alapján javaslatokat fogalmaztam meg a szolgáltatások bővítésére és a vendégélmény javítására. | |
| 695 | |a egészségturisztika | ||
| 695 | |a gyógyturizmus | ||
| 695 | |a gyógyvíz | ||
| 695 | |a termálvíz | ||
| 695 | |a wellness | ||
| 700 | 1 | |a Fábián Tamás Zoltán |e ths | |
| 856 | 4 | 0 | |u http://dolgozattar.uni-bge.hu/60021/1/Pozs%C3%A1r_Lili_Projektmunka.pdf |z Dokumentum-elérés |
| 856 | 4 | 0 | |u http://dolgozattar.uni-bge.hu/60021/2/Pozs%C3%A1r%20Lili_FOSZK_F%C3%A1bi%C3%A1n%20Tam%C3%A1s.pdf |z Dokumentum-elérés |